Réel dans les Aventures de Tintin - Mort Subite - Statistiques

Statistiques générales
  • Ce quiz a été pris 679 fois
  • Le résultat moyen est 5 sur 20
Answers on the Grid
Answers color-coded by a green-red scale on the quiz's grid according to % correct below.
Les extraterrestres existent
Le Yéti existe
Les Incas existent encore
Un chien est allé sur la Lune
La Licorne est un bateau
Il existe un breuvage pour ne plus boire d'alcool
Wagner est un pianiste
Il y a un Maharadjah de Rawhajpoutalah
Un personnage lit un album de Tintin
Un général joue aux échecs
Tintin dépèce un singe pour en faire un déguisement
Un serpent se mange lui-même
Un sérum de vérité a été créé
Un milliardaire triche à la bataille navale
Tintin se prend le pied dans un piège à loup mais n'est même pas blessé
Babaoro'm et Kih-Oskh sont de vrais noms propres
Tintin parle à un éléphant avec une trompette
Il existe une secte comme le Ku Klux Klan, mais habillés en violet
Un magicien transforme de l'eau en vin
Des bandits demandent des informations à un bègue
Tintin croise Neil Armstrong
Haddock se fait assommer par un perroquet
Dupond et Dupont sont jumeaux
Milou tue un gorille
Allan Thompson se fait tuer par de la lave
Wolff tue Boris Jorgen pour avoir assez d'oxygène
Allan Thompson compare Rastapopoulos à un Dragon de Komodo
Tintin affronte Al Pacino
Sept personnes se font tuer par Rascar Capac
Un amérindien s'appelle Langue-de-Boeuf
Tintin voyage en Nouvelle-Zélande
Un crocodile mange un lion
Ivan Ivanovitch Sakharine confond Rastapopoulos et une manche à air
Tournesol brise ses propres lunettes avec sa machine à briser les vitres
Tournesol n'entend pas que la personne au bout du fil cherche la boucherie Sanzot
Le Loch Lomond est de la vodka
 
Statistiques - réponses
Réponse % Correct
La Licorne est un bateau
47%
Le Yéti existe
44%
Un chien est allé sur la Lune
43%
Les Incas existent encore
36%
Il y a un Maharadjah de Rawhajpoutalah
32%
Un général joue aux échecs
32%
Un serpent se mange lui-même
31%
Il existe une secte comme le Ku Klux Klan, mais habillés en violet
30%
Un milliardaire triche à la bataille navale
30%
Un sérum de vérité a été créé
27%
Tintin dépèce un singe pour en faire un déguisement
26%
Wagner est un pianiste
24%
Les extraterrestres existent
19%
Tintin parle à un éléphant avec une trompette
19%
Un personnage lit un album de Tintin
19%
Tintin se prend le pied dans un piège à loup mais n'est même pas blessé
18%
Des bandits demandent des informations à un bègue
15%
Il existe un breuvage pour ne plus boire d'alcool
15%
Babaoro'm et Kih-Oskh sont de vrais noms propres
14%
Un magicien transforme de l'eau en vin
14%
Aucun quiz correspondant
Distribution des résultats
% des personnes avec chaque résultat
Percentile par nombre de réponses
Votre historique - résultats
Vous n’avez pas pris ce quiz